Dark Crusade: Christian Zionism and US Foreign Policy (Record no. 533594)

000 -LEADER
fixed length control field 00471nam a22001817a 4500
003 - CONTROL NUMBER IDENTIFIER
control field NUST
005 - DATE AND TIME OF LATEST TRANSACTION
control field 20200114114916.0
008 - FIXED-LENGTH DATA ELEMENTS--GENERAL INFORMATION
fixed length control field 200114b ||||| |||| 00| 0 eng d
020 ## - INTERNATIONAL STANDARD BOOK NUMBER
International Standard Book Number 1845117549
024 ## - OTHER STANDARD IDENTIFIER
Standard number or code 978-1845117542
038 ## - RECORD CONTENT LICENSOR
Staff Name MSOHAIL
082 ## - DEWEY DECIMAL CLASSIFICATION NUMBER
Classification number 320.54095694
100 ## - MAIN ENTRY--PERSONAL NAME
Personal name Clifford A. Kiracofe
9 (RLIN) 27550
245 ## - TITLE STATEMENT
Title Dark Crusade: Christian Zionism and US Foreign Policy
260 ## - PUBLICATION, DISTRIBUTION, ETC.
Place of publication, distribution, etc. London
Name of publisher, distributor, etc. I.B.Tauris
Date of publication, distribution, etc. c2009
300 ## - PHYSICAL DESCRIPTION
Extent 254;pxv
942 ## - ADDED ENTRY ELEMENTS (KOHA)
Source of classification or shelving scheme
Koha item type Book
Holdings
Withdrawn status Lost status Source of classification or shelving scheme Damaged status Not for loan Permanent Location Current Location Date acquired Total Checkouts Full call number Barcode Date last seen Price effective from Koha item type
          School of Civil and Environmental Engineering (SCEE) School of Civil and Environmental Engineering (SCEE) 01/14/2020   320.54095694 NIT-9193 01/14/2020 01/14/2020 Book
© 2023 Central Library, National University of Sciences and Technology. All Rights Reserved.